Представление документа в формате MARC21

ПолеНазваниеЗначение
  Тип записи a
  Библиографический уровень m
001 Контрольный номер RU/URAIT/493270
003 Принадлежность контрольного номера https://urait.ru/bcode/493270
005 Дата корректировки 20230117154138.1
008 Кодируемые данные
020 Индекс ISBN __
a ISBN 978-5-534-06594-7
c Цена, тираж 1099.00
040 Источник каталогиз. __
a Служба первич. каталог. ИКО Юрайт
b Код языка каталог. rus
c Служба, преобразующая запись ИКО Юрайт
041 Код языка издания 0_
a Код языка текста rus
044 Код страны публикации __
a Код страны публикации RU
073 _1
a 9785534065947
d 1099.00
080 Индекс УДК __
a Индекс УДК 677.077(075.8)
084 Индекс другой классификации/Индекс ББК __
a Индекс другой классификации/Индекс ББК 37.257я73
2 Источник индекса rubbk
091 Индексы/ коды __
a Индекс ББК (DOS) 37.257я73
z rubbk
100 Автор 1_
a Автор Терская Л. А.
q Полное имя Людмила Александровна
230 __
a Электрон. дан.
245 Заглавие 00
a Заглавие Технология раскроя и пошива меховой одежды
b Продолж. заглавия учебное пособие
c Ответственность Л. А. Терская.
250 Сведения об издании __
a Основные сведения об издании 2-е изд.
b Дополнительные сведения об издании испр. и доп
260 Выходные данные 1_
a Место издания Москва
b Издательство Юрайт
c Дата издания 2022
300 Физическое описание __
a Объем 271 с
440 Серия _0
a Серия Высшее образование
500 Примечания __
a Примечание URL: https://urait.ru/bcode/493270 (дата обращения: 29.08.2022).
520 Аннотация __
a Аннотация Создание и внедрение новых ассортиментных и конструкторско-технологических решений меховых изделий, отвечающих требованиям моды и конъюнктуры рынка, — одна из основных задач специалистов меховой отрасли. В пособии всесторонне рассмотрены свойства пушно-мехового полуфабриката, которые занимают центральное место при оценке качества готового изделия, предопределяя технологию его изготовления. Процесс создания мехового изделия дается в контексте потребления на рынке товаров. Показана роль моды как формы выражения новых технологий. Сформулированы подходы к проектированию меховой одежды. Книга поможет сформировать у студента систему знаний, умений и навыков по созданию и внедрению новых ассортиментных и конструкторско-технологических решений меховых изделий, обеспечивающих качество, комфортность и привлекательность выпускаемой продукции для покупателя.
538 Прим. о системных особенностях __
a Прим. о системных особенностях Режим доступа: Электронно-библиотечная система Юрайт, для авториз. пользователей
653 Ключевые слова 2_
a Ключевые слова Легкая и пищевая промышленность. Общественное питание
653 Ключевые слова 2_
a Ключевые слова Прикладные науки. Техника.
653 Ключевые слова 2_
a Ключевые слова Методы конструирования изделий из меха и технологической оснастки
653 Ключевые слова 2_
a Ключевые слова Современные технологии в производстве кожевенно-меховых товаров
653 Ключевые слова 2_
a Ключевые слова Технология изделий из различных материалов
653 Ключевые слова 2_
a Ключевые слова Товароведение кожевенно-мехового сырья
856 Электронный адрес документа 40
n Местонахождение сервера Юрайт
g Электронная книга
q Тип электронного формата html
h Имя пользователя ЮРАЙТ
v Часы доступа к ресурсу 20231231
2 Способ доступа Показать документ
x Служебное примечание https://urait.ru/book/cover/399E099E-5D06-426B-821A-788ADE5D1A0D
u URL https://urait.ru/read/493270
856 Электронный адрес документа 41
q Тип электронного формата cover
u URL https://urait.ru/book/cover/399E099E-5D06-426B-821A-788ADE5D1A0D
952 Тип литературы __
c Вид литературы учебное пособие